Making a medical market : doctors and patients in the English market for medicine, 1720-1911

Αποθηκεύτηκε σε:
Λεπτομέρειες βιβλιογραφικής εγγραφής
Κύριος συγγραφέας: Digby, Anne
Μορφή: Βιβλίο
Γλώσσα:English
Δημοσίευση: Cambridge : Cambridge University Press, 2002
Σειρά:Cambridge studies in population, economy and society in past time ; ; 24
Θέματα:
Ετικέτες: Προσθήκη ετικέτας
Δεν υπάρχουν, Καταχωρήστε ετικέτα πρώτοι!

MARC

LEADER 00000nam a2200000 i 4500
001 1/85119
008 080515s2002 eng d
020 |a 0-521-52451-2 
035 |l 10097345 
040 |a GR-MY-UA  |b gre  |e aacr 
041 0 |a eng 
082 0 |a 362.10941  |2 (22) 
100 1 |a Digby, Anne. 
245 1 0 |a Making a medical market :  |b doctors and patients in the English market for medicine, 1720-1911 /  |c Anne Digby 
260 |a Cambridge :   |b Cambridge University Press,   |c 2002 
300 |a 348 σ.;  |b πίν., διαγρ.;  |c 23 εκ. 
490 1 |a Cambridge studies in population, economy and society in past time  |v ; 24 
504 |a Βιβλιογραφία: σ. 317-337 
504 |a Ευρετήριο: σ. 338-348 
650 0 0 |a Medicine  |z Great Britain  |x History. 
830 0 |a Cambridge studies in population, economy and society in past time ;  |v ; 24 
852 |a INST  |b LESVOS  |e 20080515  |h 362.10941 DIG  |p 005100042522  |q 005100042522  |t BK  |y 0 
901 |a BIBL1-2008-2 
909 |a Λ  |b 144044 
922 |a 1ΕΛΗ  |b 200801  |c ΕΠΕΑΕΚ2/ΤΚΑ  |d ΠΑΠΑΣΩΤΗΡΙΟΥ 
970 |a ΧΑΤΖΗΜΙΧΑΗΛ  |b ΜΑΡΙΑ  |z 2008/05/15